Tectonics
Saved in:
| Main Authors: | , |
|---|---|
| Format: | Bog |
| Sprog: | engelsk |
| Udgivet: |
Nueva York
W. H. Freeman
1995
|
| Fag: | |
| Tags: |
Tilføj Tag
Ingen Tags, Vær først til at tagge denne postø!
|
MARC
| LEADER | 00000nam a2200000 a 4500 | ||
|---|---|---|---|
| 001 | UCP9257 | ||
| 003 | CL-VaPUC | ||
| 008 | 000324e19950000US |||||||||||||||||eng|d | ||
| 082 | 0 | 4 | |a 551.8 |b MOO |2 21 |
| 100 | |a Moores, Eldridge M. |e autor |9 439709 | ||
| 700 | 0 | |a Twiss, Robert J |e author |9 439710 | |
| 245 | 1 | 0 | |a Tectonics |
| 300 | |a 415 p | ||
| 942 | |c BK | ||
| 945 | |d 20000324 00:00:00 |a vberengu | ||
| 260 | |a Nueva York |b W. H. Freeman |c 1995 | ||
| 650 | 7 | |a ESTRUCTURAS GEOLOGICAS |2 CL-VaPUC |9 362266 | |
| 650 | 0 | |a Geología |9 260984 | |
| 650 | 7 | |a TECTONICA |2 CL-VaPUC |9 266608 | |
| 583 | |a last modification |c 20000324 00:00:00 |k Rodrigo Vera | ||
| 999 | |c 286087 |d 286085 | ||
| 952 | |0 0 |1 0 |2 ddc |4 0 |6 551_800000000000000_MOO_1995 |7 0 |8 A |9 331398 |a BIBCUR |b BIBCUR |d 2019-11-20 |i 3605116 |o 551.8 MOO 1995 |p 3605116 |r 2025-04-22 |w 2019-11-20 |y BK |k CIM | ||